[Event "Guildford Spring op"]
[Site "Guildford"]
[Date "2024.04.14"]
[Round "4"]
[White "Murawski, Jan"]
[Black "Marchant Winsor, Jordan"]
[Result "1-0"]
[WhiteElo "1963"]
[BlackElo "1677"]
[PlyCount "76"]
[EventDate "2024.04.12"]
[EventType "swiss"]
[EventRounds "5"]
[EventCountry "ENG"]
[SourceTitle "CBM 219 Extra"]
[Source "ChessBase"]
[SourceDate "2024.05.31"]
[SourceVersion "1"]
[SourceVersionDate "2024.05.31"]
[SourceQuality "1"]

1. d4 Nf6 2. c4 c6 3. Nc3 d5 4. Nf3 a6 5. Bf4 dxc4 6. a4 Nd5 7. Bxb8 Rxb8 8. Ne5 Nxc3 9. bxc3 Qa5 10. Qd2 e6 11. Nxc4 Qc7 12. a5 Be7 13. e4 0-0 14. Be2 c5 15. 0-0 Rd8 16. Rac1 Bf6 17. d5 exd5 18. exd5 Be6 19. Bf3 Be5 20. g3 Bh3 21. Rfe1 Bd6 22. Rb1 Bd7 23. Nxd6 Qxd6 24. Rb6 Qf8 25. Qf4 Bb5 26. c4 Bd7 27. Kg2 Re8 28. Reb1 Bc8 29. g4 Qe7 30. Qxb8 Bxg4 31. Qg3 Bxf3+ 32. Qxf3 Qg5+ 33. Qg3 Qf5 34. Rxb7 Qe4+ 35. Kg1 h5 36. Rb8 Rd8 37. Rc8 Rxc8 38. Rb8 Rxb8 1-0